000
00359nam a2200133Ia 4500
003
GCL
008
140319s9999 xx 000 0 ara d
040
_a
GCL /
_c
GCL
082
0
4
_a
336.2
_b
ح ن
245
1
0
_a
النظم الضريبية
260
_a
[S.N] :
_b
كلية التجارة - جامعة الاسكندرية ،
_c
1991
300
_a
640 ص
490
_a
999
_c
32236
_d
32236